Les nouvelles adolescentes (notice n° 1566874)
[ vue normale ]
| 000 -LEADER | |
|---|---|
| fixed length control field | 00916cam a2200133 4500500 |
| 005 - DATE AND TIME OF LATEST TRANSACTION | |
| control field | 20251214002413.0 |
| 041 ## - LANGUAGE CODE | |
| Language code of text/sound track or separate title | fre |
| 042 ## - AUTHENTICATION CODE | |
| Authentication code | dc |
| 100 10 - MAIN ENTRY--PERSONAL NAME | |
| Personal name | Fize, Michel |
| Relator term | author |
| 245 00 - TITLE STATEMENT | |
| Title | Les nouvelles adolescentes |
| 260 ## - PUBLICATION, DISTRIBUTION, ETC. | |
| Name of publisher, distributor, etc. | Armand Colin,<br/> |
| Date of publication, distribution, etc. | 2010.<br/> |
| 520 ## - SUMMARY, ETC. | |
| Summary, etc. | À quoi rêvent les jeunes filles d’aujourd’hui ? Sont-elles plus féminines que leurs aînées ? Leur sexualité a-t-elle changé ? Existe-t-il une vraie complicité entre filles et mères ? Certaines adolescentes sont-elles gagnées par la violence ?… À travers 25 questions décisives, le sociologue Michel Fize, propose une réflexion sur ces nouvelles adolescentes qui cherchent tant bien que mal à conjuguer libération et conformisme, indépendance et séduction, ultra-féminité et égalité des sexes. |
| 856 41 - ELECTRONIC LOCATION AND ACCESS | |
| Uniform Resource Identifier | <a href="https://shs.cairn.info/les-nouvelles-adolescentes--9782200242831?lang=fr&redirect-ssocas=7080">https://shs.cairn.info/les-nouvelles-adolescentes--9782200242831?lang=fr&redirect-ssocas=7080</a> |
Pas d'exemplaire disponible.




Réseaux sociaux